[Event "RSA-chT Regions"]
[Site "Boksburg"]
[Date "2020.01.11"]
[Round "5.1"]
[White "Mthunzi, Brighton"]
[Black "Pon, Matt"]
[Result "1-0"]
[WhiteElo "2011"]
[BlackElo "2188"]
[PlyCount "149"]
[EventDate "2020.01.09"]
[EventType "team-swiss"]
[EventRounds "7"]
[EventCountry "RSA"]
[SourceTitle "CBM 194 Extra"]
[Source "ChessBase"]
[SourceDate "2020.03.31"]
[SourceVersion "1"]
[SourceVersionDate "2020.03.31"]
[SourceQuality "1"]
[WhiteTeam "Ekurhuleni Coaches"]
[BlackTeam "Johannesburg Lions"]
[WhiteTeamCountry "RSA"]
[BlackTeamCountry "RSA"]

1. d4 Nf6 2. c4 c5 3. Nf3 cxd4 4. Nxd4 Nc6 5. Nc3 g6 6. e4 Nxd4 7. Qxd4 d6 8. Be2 Bg7 9. 0-0 0-0 10. Qd1 Be6 11. Be3 Qa5 12. Rc1 Rfc8 13. b3 a6 14. a4 h5 15. h3 Bd7 16. Qd3 Qb4 17. f4 b5 18. e5 Bf5 19. Qd1 dxe5 20. fxe5 Rd8 21. Bd4 Bh6 22. exf6 Bxc1 23. Nd5 Rxd5 24. cxd5 Bg5 25. fxe7 Bxe7 26. Bf3 Rd8 27. Ba1 Bd6 28. Bxh5 Qh4 29. Qf3 Qg3 30. Qxg3 Bxg3 31. Bf3 Bc2 32. Bf6 Re8 33. axb5 axb5 34. b4 Bd6 35. Rc1 Bd3 36. Rd1 Bc4 37. Bc3 Kf8 38. Kf2 Ra8 39. Ke3 Ra3 40. Kd4 f6 41. Be1 Ke7 42. Be4 g5 43. Bd2 Kd7 44. Bf5+ Kc7 45. Re1 Rg3 46. Re8 Rxg2 47. Rc8+ Kb7 48. Be3 Re2 49. Re8 Be5+ 50. Kc5 Rxe3 51. Re7+ Kb8 52. d6 Bxd6+ 53. Kxd6 Rxe7 54. Kxe7 Kc7 55. Kxf6 Kd6 56. Kxg5 Ke5 57. h4 Be2 58. Bg4 Bd3 59. h5 Be4 60. Be2 Ke6 61. Bxb5 Kf7 62. Bd7 Kg7 63. Bf5 Bc6 64. h6+ Kh8 65. Kf6 Bb5 66. Ke5 Ba6 67. Kd4 Bb5 68. Kc5 Be2 69. Be6 Kh7 70. Bc4 Bf3 71. b5 Kxh6 72. b6 Bb7 73. Kd6 Kg5 74. Bb5 Kf4 75. Kc7 1-0

[Event "RSA-chT Regions"]
[Site "Boksburg"]
[Date "2020.01.09"]
[Round "2.1"]
[White "Mthunzi, Brighton"]
[Black "Oatlhotse, Providence"]
[Result "1/2-1/2"]
[WhiteElo "2011"]
[BlackElo "2264"]
[PlyCount "171"]
[EventDate "2020.01.09"]
[EventType "team-swiss"]
[EventRounds "7"]
[EventCountry "RSA"]
[SourceTitle "CBM 194 Extra"]
[Source "ChessBase"]
[SourceDate "2020.03.31"]
[SourceVersion "1"]
[SourceVersionDate "2020.03.31"]
[SourceQuality "1"]
[WhiteTeam "Ekurhuleni Coaches"]
[BlackTeam "GTP Open"]
[WhiteTeamCountry "RSA"]
[BlackTeamCountry "RSA"]

1. e4 e5 2. Nf3 Nc6 3. Bb5 a6 4. Ba4 Nf6 5. d3 d6 6. c3 Be7 7. 0-0 0-0 8. Re1 Nb8 9. d4 Nbd7 10. Nbd2 b5 11. Bc2 Bb7 12. Nf1 Re8 13. Ng3 Bf8 14. h3 g6 15. dxe5 dxe5 16. Bg5 h6 17. Be3 Nc5 18. Qb1 c6 19. b4 Ncd7 20. Qc1 Kh7 21. Bb3 Qe7 22. c4 c5 23. Bxc5 Nxc5 24. bxc5 Rec8 25. cxb5 Rxc5 26. Qe3 axb5 27. Rac1 Rac8 28. Rxc5 Rxc5 29. Qd3 Qc7 30. Re2 Kg7 31. Rc2 Rxc2 32. Qxc2 Qxc2 33. Bxc2 Bd6 34. Bd3 Bc6 35. Nd2 Nd7 36. Nb3 Nc5 37. Nxc5 Bxc5 38. Kf1 Kf6 39. Ne2 b4 40. Nc1 Kg5 41. g3 f5 42. f3 Kf6 43. Ke2 Bd7 44. h4 Be6 45. Bc2 Bc4+ 46. Bd3 Be6 47. Bc2 Bg1 48. Bb3 Bd7 49. Bc4 fxe4 50. fxe4 Bg4+ 51. Kf1 Bc5 52. Nd3 Bd6 53. Kf2 g5 54. Ke3 Kg6 55. hxg5 Kxg5 56. Kf2 Bd1 57. Bb3 Bh5 58. Be6 Be8 59. Bc4 Ba4 60. Nb2 Bc5+ 61. Kf3 Bd7 62. Nd3 Bg4+ 63. Kg2 Bd6 64. Kf2 Bc8 65. Kf3 h5 66. Nf2 Bc5 67. Nd3 Bg4+ 68. Kg2 Bd6 69. Kf2 Bd1 70. Bb3 Bg4 71. Bc4 Bd7 72. Kf3 Ba4 73. Nb2 Be8 74. Nd3 Bd7 75. Kf2 Kg4 76. Kg2 Kg5 77. Kf2 h4 78. gxh4+ Kxh4 79. Kf3 Bg4+ 80. Kg2 Bd1 81. Kf2 Bc2 82. Ke2 Kg3 83. Bb3 Bxd3+ 84. Kxd3 Kf4 85. Bd5 Kf3 86. Bb3 1/2-1/2

[Event "RSA-chT Regions"]
[Site "Boksburg"]
[Date "2020.01.09"]
[Round "1.1"]
[White "Nhamuave, Eleazar"]
[Black "Mthunzi, Brighton"]
[Result "0-1"]
[WhiteElo "1733"]
[BlackElo "2011"]
[PlyCount "87"]
[EventDate "2020.01.09"]
[EventType "team-swiss"]
[EventRounds "7"]
[EventCountry "RSA"]
[SourceTitle "CBM 194 Extra"]
[Source "ChessBase"]
[SourceDate "2020.03.31"]
[SourceVersion "1"]
[SourceVersionDate "2020.03.31"]
[SourceQuality "1"]
[WhiteTeam "GTP Open IV"]
[BlackTeam "Ekurhuleni Coaches"]
[WhiteTeamCountry "RSA"]
[BlackTeamCountry "RSA"]

1. g3 e5 2. Bg2 Nc6 3. d3 f5 4. e4 fxe4 5. dxe4 Nf6 6. Be3 b6 7. a3 Bc5 8. Bxc5 bxc5 9. Ne2 Rb8 10. b3 0-0 11. 0-0 d6 12. Nbc3 Nd4 13. Nxd4 cxd4 14. Nd5 Ba6 15. Re1 Nxd5 16. exd5 Qf6 17. Qd2 Qf7 18. f4 exf4 19. Qxd4 f3 20. Rf1 Bxf1 21. Rxf1 f2+ 22. Rxf2 Qxf2+ 23. Qxf2 Rxf2 24. Kxf2 Re8 25. b4 Kf7 26. a4 Kf6 27. h3 Re5 28. Bf3 h5 29. c3 h4 30. gxh4 Kf5 31. c4 Kf4 32. c5 Re3 33. Bg4 Re4 34. b5 dxc5 35. a5 Rb4 36. b6 Rb2+ 37. Ke1 axb6 38. a6 Ra2 39. Bc8 Ke5 40. Bb7 b5 41. Kd1 b4 42. Kc1 b3 43. Kb1 c4 44. Bc6 0-1

[Event "Sandton SWVG blitz op"]
[Site "Sandton"]
[Date "2019.05.19"]
[Round "1"]
[White "Sithole, Collins"]
[Black "Mthunzi, Brighton"]
[Result "1-0"]
[WhiteElo "1925"]
[BlackElo "2068"]
[PlyCount "48"]
[EventDate "2019.05.19"]
[EventType "swiss (blitz)"]
[EventRounds "10"]
[EventCountry "RSA"]
[SourceTitle "CBM 190 Extra"]
[Source "ChessBase"]
[SourceDate "2019.07.15"]
[SourceVersion "1"]
[SourceVersionDate "2019.07.15"]
[SourceQuality "1"]

1. e4 c5 2. Nf3 d6 3. d4 cxd4 4. Nxd4 Nf6 5. Nc3 a6 6. Bg5 e6 7. Be2 Be7 8. 0-0 b5 9. a3 Bb7 10. Bd3 Nbd7 11. Kh1 0-0 12. f4 Nc5 13. Qe1 h6 14. Bh4 d5 15. e5 Nfe4 16. Bxe7 Qxe7 17. Rd1 Rac8 18. Nce2 Nxd3 19. Rxd3 f5 20. exf6 Qxf6 21. g3 e5 22. Nf3 exf4 23. Nxf4 Rxc2 24. Nd4 Qd8 1-0

[Event "Johannesburg Sandton op"]
[Site "Johannesburg"]
[Date "2018.05.19"]
[Round "6"]
[White "De Abreu, Roberto N"]
[Black "Mthunzi, Brighton"]
[Result "1-0"]
[WhiteElo "2047"]
[BlackElo "2051"]
[PlyCount "51"]
[EventDate "2018.05.19"]
[EventType "swiss"]
[EventRounds "10"]
[EventCountry "RSA"]
[SourceTitle "CBM 184 Extra"]
[Source "ChessBase"]
[SourceDate "2018.06.28"]
[SourceVersion "1"]
[SourceVersionDate "2018.06.28"]
[SourceQuality "1"]

1. d4 Nf6 2. c4 g6 3. g3 Bg7 4. Bg2 0-0 5. Nc3 c5 6. d5 d6 7. Nf3 Na6 8. 0-0 Nc7 9. e4 Bg4 10. h3 Bxf3 11. Bxf3 Rb8 12. Be2 a6 13. a4 b6 14. Be3 Re8 15. Qd2 Qd7 16. Kg2 e6 17. dxe6 Qxe6 18. f3 Nh5 19. g4 Nf6 20. Rad1 Rbd8 21. Rfe1 d5 22. cxd5 Nfxd5 23. Nxd5 Nxd5 24. Bg5 Bf6 25. exd5 Rxd5 26. Qxd5 1-0

[Event "RSA Inter Regional-ch"]
[Site "Boksburg"]
[Date "2018.01.10"]
[Round "4.1"]
[White "Moremi, Thato"]
[Black "Mthunzi, Brighton"]
[Result "1/2-1/2"]
[WhiteElo "1633"]
[BlackElo "2078"]
[PlyCount "115"]
[EventDate "2018.01.09"]
[EventType "team-swiss"]
[EventRounds "7"]
[EventCountry "RSA"]
[SourceTitle "CBM 189 Extra"]
[Source "ChessBase"]
[SourceDate "2019.06.03"]
[SourceVersion "1"]
[SourceVersionDate "2019.06.03"]
[SourceQuality "1"]
[WhiteTeam "Ekurhuleni III"]
[BlackTeam "Ekurhuleni"]
[WhiteTeamCountry "RSA"]
[BlackTeamCountry "RSA"]

1. d4 Nf6 2. Nf3 e6 3. Bf4 c5 4. c3 Nc6 5. e3 cxd4 6. exd4 Qb6 7. Qb3 Qxb3 8. axb3 Nd5 9. Bd2 b6 10. Na3 Na5 11. Nb5 a6 12. c4 axb5 13. cxd5 b4 14. dxe6 fxe6 15. Ra4 Bb7 16. Bb5 Bxf3 17. gxf3 Bd6 18. Ke2 Rc8 19. Bc4 0-0 20. Bxb4 Nxc4 21. bxc4 Rxc4 22. Bxd6 Rxa4 23. Bxf8 Kxf8 24. Kd3 Rb4 25. Rb1 Ke7 26. Rg1 Kf6 27. Kc3 Rb5 28. Rg4 Rf5 29. f4 Rh5 30. h4 Ra5 31. Rg5 d5 32. Re5 g6 33. Re1 Ra4 34. h5 Rc4+ 35. Kd3 Rc8 36. hxg6 hxg6 37. Rh1 Kf5 38. Rh7 Kxf4 39. Rf7+ Kg5 40. f4+ Kh5 41. Rh7+ Kg4 42. Rg7 Kxf4 43. Rxg6 Kf5 44. Rg7 Rb8 45. Rf7+ Kg6 46. Rf4 b5 47. Kc3 Rc8+ 48. Kb4 Rc4+ 49. Kxb5 e5 50. Rf8 Rxd4 51. Kc5 Rd2 52. b4 e4 53. b5 e3 54. b6 e2 55. Re8 Kf7 56. b7 Rb2 57. Rxe2 Rxb7 58. Kxd5 1/2-1/2

[Event "Africa KCF Inv tt"]
[Site "Brakpan"]
[Date "2017.10.08"]
[Round "6.2"]
[White "Luanja, Geoffrey"]
[Black "Mthunzi, Brighton"]
[Result "1-0"]
[WhiteElo "2182"]
[BlackElo "2075"]
[PlyCount "93"]
[EventDate "2017.10.05"]
[EventType "team-tourn"]
[EventRounds "7"]
[EventCountry "RSA"]
[SourceTitle "CBM 181 Extra"]
[Source "ChessBase"]
[SourceDate "2017.12.12"]
[SourceVersion "1"]
[SourceVersionDate "2017.12.12"]
[SourceQuality "1"]
[WhiteTeam "Zambia"]
[BlackTeam "RSA Inv II"]
[WhiteTeamCountry "ZAM"]
[BlackTeamCountry "RSA"]

1. d4 Nf6 2. Nf3 e6 3. Bf4 c5 4. e3 b6 5. Nbd2 Bb7 6. Bd3 cxd4 7. exd4 Be7 8. 0-0 0-0 9. h3 d6 10. Re1 a6 11. a4 Nc6 12. c3 Rc8 13. Qe2 Nb8 14. Ng5 Qd7 15. Nc4 h6 16. Nf3 Nd5 17. Bg3 Bc6 18. Bc2 Qd8 19. Qd3 Nf6 20. Nh2 g6 21. Nd2 Qd7 22. Nc4 Qd8 23. b3 Be4 24. Qd2 Bxc2 25. Qxc2 d5 26. Bxb8 dxc4 27. Be5 cxb3 28. Qxb3 Nd5 29. c4 Nc7 30. Ng4 h5 31. Nh2 f6 32. Bg3 Qxd4 33. c5 Nd5 34. cxb6 Rc3 35. Qb2 Qxb6 36. Qxb6 Nxb6 37. Rxe6 Bc5 38. Bd6 Bxd6 39. Rxd6 Rb3 40. a5 Nc4 41. Rxa6 Rd8 42. Rxf6 Nxa5 43. Rxg6+ Kf7 44. Rg5 Nc6 45. Rxh5 Rb2 46. Ng4 Rdd2 47. Rh7+ 1-0

[Event "Africa KCF Inv tt"]
[Site "Brakpan"]
[Date "2017.10.07"]
[Round "5.2"]
[White "Goosen, Anton"]
[Black "Mthunzi, Brighton"]
[Result "0-1"]
[WhiteElo "2025"]
[BlackElo "2075"]
[PlyCount "80"]
[EventDate "2017.10.05"]
[EventType "team-tourn"]
[EventRounds "7"]
[EventCountry "RSA"]
[SourceTitle "CBM 181 Extra"]
[Source "ChessBase"]
[SourceDate "2017.12.12"]
[SourceVersion "1"]
[SourceVersionDate "2017.12.12"]
[SourceQuality "1"]
[WhiteTeam "SA Veterans"]
[BlackTeam "RSA Inv II"]
[WhiteTeamCountry "RSA"]
[BlackTeamCountry "RSA"]

1. d4 Nf6 2. Bf4 g6 3. Nc3 d5 4. e3 Bg7 5. h4 h6 6. Nf3 Bg4 7. Be2 c6 8. Ne5 Bxe2 9. Qxe2 Nbd7 10. g4 Ne4 11. Nxe4 Nxe5 12. Nd2 Nd7 13. Bg3 Qb6 14. Rb1 e5 15. c3 0-0 16. 0-0 Rfe8 17. Qd3 Re6 18. b3 Rae8 19. Kh2 Nf6 20. Kh3 exd4 21. cxd4 Qd8 22. Rbe1 Qd7 23. f3 h5 24. Bf4 hxg4+ 25. Kg2 Nh5 26. fxg4 Nxf4+ 27. Rxf4 Qe7 28. Rf3 Qxh4 29. Rg3 Qe7 30. Kf2 Qa3 31. Qc3 b6 32. Re2 c5 33. Nf3 Re4 34. Ng5 cxd4 35. Qc6 dxe3+ 36. Kg2 Qa6 37. Kf3 R4e5 38. Nh3 R5e6 39. Qxd5 Rf6+ 40. Nf4 Rxf4+ 0-1

[Event "Africa KCF Inv tt"]
[Site "Brakpan"]
[Date "2017.10.06"]
[Round "2.2"]
[White "Mthunzi, Brighton"]
[Black "Simulundu, Judah"]
[Result "1/2-1/2"]
[WhiteElo "2075"]
[BlackElo "2159"]
[PlyCount "43"]
[EventDate "2017.10.05"]
[EventType "team-tourn"]
[EventRounds "7"]
[EventCountry "RSA"]
[SourceTitle "CBM 181 Extra"]
[Source "ChessBase"]
[SourceDate "2017.12.12"]
[SourceVersion "1"]
[SourceVersionDate "2017.12.12"]
[SourceQuality "1"]
[WhiteTeam "RSA Inv II"]
[BlackTeam "RSA Inv"]
[WhiteTeamCountry "RSA"]
[BlackTeamCountry "RSA"]

1. d4 Nf6 2. Nf3 g6 3. Nc3 d5 4. Bf4 Bg7 5. Nb5 Na6 6. e3 c6 7. Nc3 Qb6 8. Rb1 Bf5 9. a3 Ne4 10. Nxe4 Bxe4 11. Bd3 c5 12. 0-0 0-0 13. Bxe4 dxe4 14. Ne5 Rad8 15. c3 Qe6 16. Qe2 Nb8 17. Rbc1 Nc6 18. Nxc6 Qxc6 19. Qc4 Rd5 20. a4 Re8 21. Rfd1 Red8 22. Re1 1/2-1/2

[Event "Johannesburg PSS op"]
[Site "Johannesburg"]
[Date "2016.04.24"]
[Round "9"]
[White "Mthunzi, Brighton"]
[Black "Simutowe, Musatwe"]
[Result "0-1"]
[WhiteElo "2092"]
[BlackElo "2152"]
[PlyCount "116"]
[EventDate "2016.04.23"]
[EventType "swiss"]
[EventRounds "10"]
[EventCountry "RSA"]
[SourceTitle "CBM 172 Extra"]
[Source "ChessBase"]
[SourceDate "2016.06.21"]
[SourceVersion "1"]
[SourceVersionDate "2016.06.21"]
[SourceQuality "1"]

1. d4 d5 2. Nf3 Nf6 3. c4 c6 4. Nc3 dxc4 5. a4 Bf5 6. e3 e6 7. Bxc4 Bb4 8. 0-0 0-0 9. Qe2 Nbd7 10. e4 Bg6 11. Ne5 Nxe5 12. dxe5 Bxc3 13. bxc3 Nxe4 14. Qe3 Qb6 15. Ra3 Qxe3 16. Bxe3 Rfd8 17. Be2 Rd5 18. f4 b6 19. g4 Nd2 20. Rf2 Be4 21. c4 Rdd8 22. c5 bxc5 23. Bxc5 Bd5 24. Be3 Ne4 25. Rf1 Rdb8 26. Bd3 a5 27. Re1 Rb4 28. Bxe4 Rxe4 29. Bd2 Rd4 30. Be3 Rb4 31. Kf2 h6 32. Raa1 Bb3 33. Reb1 Rxa4 34. Rxa4 Bxa4 35. Bc5 Bb5 36. Rb3 a4 37. Ra3 Bc4 38. Ke3 Bb3 39. Kd4 Rb8 40. Kc3 Rb5 41. Kd4 Bd1 42. Ra1 Bb3 43. Ra3 f6 44. h4 Kf7 45. Ra1 Ra5 46. g5 fxe5+ 47. fxe5 hxg5 48. hxg5 Kg6 49. Be7 Rd5+ 50. Ke4 Bc2+ 51. Kf4 Rd4+ 52. Ke3 Re4+ 53. Kd2 Bb3 54. Re1 Rc4 55. Kd3 c5 56. Kd2 a3 57. Ra1 a2 58. Bd8 Rd4+ 0-1

[Event "Commonwealth & RSA op"]
[Site "Port Elizabeth"]
[Date "2013.07.12"]
[Round "9"]
[White "Mthunzi, Brighton"]
[Black "Mwali, Chitumbo"]
[Result "0-1"]
[WhiteElo "2155"]
[BlackElo "2242"]
[PlyCount "29"]
[EventDate "2013.07.06"]
[EventType "swiss"]
[EventRounds "11"]
[EventCountry "RSA"]
[SourceTitle "CBM 155 Extra"]
[Source "ChessBase"]
[SourceDate "2013.08.26"]
[SourceVersion "1"]
[SourceVersionDate "2013.08.26"]
[SourceQuality "1"]

1. Nf3 Nf6 2. d4 e6 3. c4 c5 4. g3 d5 5. Bg2 Nc6 6. 0-0 cxd4 7. Nxd4 Be7 8. cxd5 exd5 9. Nc3 0-0 10. h3 Re8 11. Be3 h6 12. Nb3 Be6 13. Bd4 Nxd4 14. Nxd4 Bb4 15. Rc1 0-1

[Event "Commonwealth & RSA op"]
[Site "Port Elizabeth"]
[Date "2013.07.11"]
[Round "8"]
[White "Ponelis, Albert A"]
[Black "Mthunzi, Brighton"]
[Result "0-1"]
[WhiteElo "1933"]
[BlackElo "2155"]
[PlyCount "36"]
[EventDate "2013.07.06"]
[EventType "swiss"]
[EventRounds "11"]
[EventCountry "RSA"]
[SourceTitle "CBM 155 Extra"]
[Source "ChessBase"]
[SourceDate "2013.08.26"]
[SourceVersion "1"]
[SourceVersionDate "2013.08.26"]
[SourceQuality "1"]

1. e4 c5 2. Nf3 d6 3. d4 cxd4 4. Qxd4 Nc6 5. Bb5 Bd7 6. Bxc6 Bxc6 7. Nc3 Nf6 8. Bg5 e6 9. 0-0-0 Be7 10. Rhe1 0-0 11. Qd2 Rc8 12. Nd4 a6 13. f3 b5 14. Nxc6 Rxc6 15. Kb1 b4 16. Ne2 Nxe4 17. fxe4 Bxg5 18. Qxb4 Qe7 0-1